Lesio /

Đã lưu trong:
Chi tiết về thư mục
Tác giả chính: Chmielewska, Joanna (1932-2013)
Định dạng: Sách
Ngôn ngữ:Tiếng Ba Lan
Được phát hành: Warszawa : Polski Dom Wydawniczy, 1992
Phiên bản:[Wyd. 4].
Các nhãn: Thêm thẻ
Không có thẻ, Là người đầu tiên thẻ bản ghi này!

MARC

LEADER 00000nam a2200000 i 4500
001 991000842489705066
005 20260515140225.0
008 970510s1992 pl |000 f pol
020 |a 8370430821 
035 |a 991000842489705066 
035 |a (PL-WaBN)b10262933-48omnis_nlop 
035 |a b10262933 
035 |a (OCoLC)750779372 
035 |a xx001622852 
035 |a (PL)b0000001026293 
035 |a (EXLNZ-48OMNIS_NETWORK)9910093730005606 
040 |a WA N  |c WA N 
080 |a 884-3 
090 |c 34  |d 33 
100 1 |a Chmielewska, Joanna  |d (1932-2013) 
240 1 0 |a Lesio  |l (pol.) 
245 1 0 |a Lesio /  |c Joanna Chmielewska. 
250 |a [Wyd. 4]. 
260 |a Warszawa :  |b Polski Dom Wydawniczy,  |c 1992  |e (Gdań. :  |f ZG). 
300 |a 289, [3] s. ;  |c 18 cm. 
920 |a 83-7043-082-1 
942 |c K 
952 |0 0  |1 0  |4 0  |6 R__15_000000000000000  |7 0  |9 32  |a RYT  |b RYT  |d 2026-03-17  |e 1/2026  |g 10.00  |l 0  |o R.15  |p 2000000000152  |r 2026-05-15 14:02:25  |w 2026-05-15  |y BK  |z da 
999 |c 32  |d 32